Samajik gavesanar paddhwatee (Record no. 430)

MARC details
000 -LEADER
fixed length control field 00500cam a2200205ua 4500
008 - FIXED-LENGTH DATA ELEMENTS--GENERAL INFORMATION
fixed length control field 141125n ii |||gr||||Z||||||asm
020 ## - INTERNATIONAL STANDARD BOOK NUMBER
International Standard Book Number 81-7206-060
040 ## - CATALOGING SOURCE
Transcribing agency MAIN
041 ## - LANGUAGE CODE
-- asm
082 ## - DEWEY DECIMAL CLASSIFICATION NUMBER
Classification number 300
245 ## - TITLE STATEMENT
Title Samajik gavesanar paddhwatee
Statement of responsibility, etc. by Dhiren Hazarika
250 ## - EDITION STATEMENT
Edition statement 1st.
260 ## - PUBLICATION, DISTRIBUTION, ETC.
Place of publication, distribution, etc. Guwahati:
Name of publisher, distributor, etc. bani mandir,
Date of publication, distribution, etc. 2002.
300 ## - PHYSICAL DESCRIPTION
Extent 279p:5cm.
700 ## - ADDED ENTRY--PERSONAL NAME
Personal name Hazarika, Dhiren.,
Relator term
942 ## - ADDED ENTRY ELEMENTS (KOHA)
Koha item type Books
653 ## - INDEX TERM--UNCONTROLLED
Uncontrolled term Social sciences
653 ## - INDEX TERM--UNCONTROLLED
Uncontrolled term Samajik govesona tatta
Holdings
Withdrawn status Lost status Damaged status Not for loan Home library Current library Shelving location Date acquired Total Checkouts Full call number Barcode Date last seen Date last checked out Copy number Price effective from Koha item type
        Central Library, Naharkatiya College Central Library, Naharkatiya College   19/09/2020 1 300.072 | HAZ 16680 08/05/2023 25/03/2023 1 19/09/2020 Books

Naharkatiya College © 2020. All rights reserved.

Powered By